বাংলাদেশে আরবী, ফার্সী ও উর্দুতে ইসলামী সাহিত্য চর্চা (১৮০১-১৯৭১) (Record no. 17976)

MARC details
000 -LEADER
fixed length control field 01117nam a22002297a 4500
003 - CONTROL NUMBER IDENTIFIER
control field BDDh-ASL
005 - DATE AND TIME OF LATEST TRANSACTION
control field 20231015025650.0
008 - FIXED-LENGTH DATA ELEMENTS--GENERAL INFORMATION
fixed length control field 200915b ||||| b||| 00| 0 d
020 ## - INTERNATIONAL STANDARD BOOK NUMBER
International Standard Book Number 9840610147
040 ## - CATALOGING SOURCE
Original cataloging agency BDDh-ASL
Transcribing agency BDDh-ASL
Modifying agency BDDh-ASL
041 ## - LANGUAGE CODE
Language code of text/sound track or separate title bengali
082 ## - DEWEY DECIMAL CLASSIFICATION NUMBER
Classification number 297.5492
Item number BAB
100 ## - MAIN ENTRY--PERSONAL NAME
9 (RLIN) 793
Personal name বাকী, মুহাম্মদ আবদুল
245 1# - TITLE STATEMENT
Title বাংলাদেশে আরবী, ফার্সী ও উর্দুতে ইসলামী সাহিত্য চর্চা (১৮০১-১৯৭১)
Statement of responsibility, etc. মুহাম্মদ আবদুল বাকী।
246 ## - VARYING FORM OF TITLE
Title proper/short title Bangladeshe Arabi, Farsi O Urdute Islami Sahitya Charcha.
260 ## - PUBLICATION, DISTRIBUTION, ETC.
Place of publication, distribution, etc. ঢাকা:
Name of publisher, distributor, etc. ইসলামিক ফাউন্ডেশন বাংলাদেশ,
Date of publication, distribution, etc. ২০০৫।
300 ## - PHYSICAL DESCRIPTION
Extent ৩৫২ পৃষ্ঠা:
Dimensions ২২ সে. মি.।
504 ## - BIBLIOGRAPHY, ETC. NOTE
Bibliography, etc. note গ্রন্থপঞ্জি সংযুক্ত।
600 ## - SUBJECT ADDED ENTRY--PERSONAL NAME
Source of heading or term বাংলাদেশ
650 #0 - SUBJECT ADDED ENTRY--TOPICAL TERM
9 (RLIN) 794
Topical term or geographic name entry element সাহিত্য চর্চা
General subdivision ইসলাম ধর্ম
942 ## - ADDED ENTRY ELEMENTS (KOHA)
Source of classification or shelving scheme Dewey Decimal Classification
Koha item type Books
Holdings
Withdrawn status Lost status Source of classification or shelving scheme Damaged status Not for loan Collection code Home library Current library Shelving location Date acquired Source of acquisition Total Checkouts Full call number Barcode Date last seen Copy number Price effective from Koha item type
    Dewey Decimal Classification     Non-fiction Asiatic Society Library Asiatic Society Library General Stacks 09/15/2020 Complementary   297.5492 BAB 101117 09/15/2020 C-1 09/15/2020 Books
    Dewey Decimal Classification     Non-fiction Asiatic Society Library Asiatic Society Library General Stacks 03/18/2022 ASB Library Collection   297.5492 BAB 116374 03/18/2022 C-2 03/18/2022 Books

Powered by Koha